000 00280nam a22001217a 4500
008 180822b xxu||||| |||| 00| 0 eng d
041 _aeng
080 _a616.8
100 _a7
101 _aNEU
245 _aINTRACRANIAL ENDOSCOPIC NEUROSURGERY
_cJIMENEZ,D,E
942 _2udc
_cBK
999 _c47247
_d47247